000 01841cad a22002535a 4500
001 L157788
008 130516s2012 xxk f f 001 0 eng d
035 _a(Sirsi) u157788
041 0 _aspa
110 2 _aRoyal Institution of Chartered Surveyors
_94900
240 0 0 _aRed Book
245 0 0 _aRICS valuation
_bprofessional standards, incorporating the International Valuation Standards
_bSpanish translation
_h[electronic resource]
260 _aLondon
_bRICS
_c2012
490 0 _aRICS Guidance Note
490 0 _aRICS Valuation Standards
520 _aThe purpose of the RICS standards is to provide users of valuation services with confidence that a valuation provided by an RICS qualified valuer has been undertaken in compliance with the highest professional standards. It also assures users that the valuation is independent, objective and consistent with internationally recognised standards set by the International Valuation Standards Council. These standards set out procedural rules and guidance for valuers within the RICS Rules of Conduct. They also set a framework for best practice in the execution and delivery of valuations for different purposes but do not instruct valuers on how to value in individual cases. There is a mandatory obligation placed on the individual valuer or firm registered for regulation by RICS to follow these standards and an effective sanction if there is a material breach.
520 _aThe RICS standards in this edition come into effect on 30 March 2012 and apply where the valuation date is on or after that day.
650 2 4 _aRICS VALUATION STANDARDS
651 4 _aInternational
690 _aValuation
_96273
856 4 0 _uhttps://www.rics.org/Global/Red%20Book_Spanish.pdf
_zRICS member can access this item free of charge at www.rics.org
942 _n0
999 _c114966
_d114966
490 _aRICS Red Book